00933naa a2200157 i 45000010005000000030009000050050017000140080041000310400029000720410018001011000160001192450117002796550030003967110061004267730288004879348KOSZ 00520180507120912.0180326s2010 pl |100 0 pol  aKOSZ 005/HRcKOSZ 005/HR apolagerbger1 aSUDAKIEWICZ, Lidia Bożena.bPolitechnika Koszalińska - Instytut Neofilologii i Komunikacji SpołecznejcZakład Komunikacji i Nauk Społecznychd2009 -10aNazwiska zależnościowe mieszkańców Ziemi Złotowskiej (XVII – XIX wiek) /cLidia Bożena Sudakiewicz. 0aMateriały konferencyjne.22aDzieje wsi pomorskiejn(9 ;d2010 ;cKłopotowo, Polska)0 iW :tDzieje wsi pomorskiej : IX międzynarodowa konferencja naukowa : Kłopotowo gmina Dygowo, powiat kołobrzeski, 21-23 maja 2010 : materiały / pod red. Andrzeja Chludzińskiego i Radosława Gazińskiego. -dPruszcz Gdański : Wydaw. Jasne, 2010. -gs.251-263.z9788361508205